000 00334nam a2200133Ia 4500
008 170620s9999 xx 000 0 und d
020 _a9.78935E+12
100 _aTRIPATHI- K D
245 0 _aESSENTIALS OF MEDICAL PHARMACOLOGY
260 _bJAYPEE BROTHERS NEW DELHI
260 _c2013
300 _a1002
546 _aEnglish
690 _a MEDICAL PHARMACOLOGY
999 _c31379
_d31379